Close to home : changing lives /

The host visits two recovery programs, the Ridgeview Institute near Atlanta and Project Safe, to interview recovering addicts.

Bibliographic Details
Corporate Authors: Public Affairs Television (Firm), Films for the Humanities (Firm)
Format: Video VHS
Language:English
Published: Princeton, N.J. : Films for the Humanities & Sciences, [1998]
Series:Moyers on addiction.
Moyers collection.
Subjects:

MARC

Tag First Indicator Second Indicator Subfields
LEADER 00000cgm a2200000 a 4500
001 in00001405086
005 20151020065916.0
007 vf cbaho|
008 980416s1998 nju057 g vleng d
035 |a (OCoLC)38961755 
035 |9 AHP7906AM 
040 |a ZHM  |c ZHM  |d TXA  |d UtOrBLW 
049 |a TXAM 
090 |a HV5831.A8  |b C56 1998 
245 0 0 |a Close to home :  |b changing lives /  |c Public Affairs Television, Inc. ; produced and directed by Pamela Mason Wagner. 
246 3 0 |a Changing lives 
264 1 |a Princeton, N.J. :  |b Films for the Humanities & Sciences,  |c [1998] 
264 4 |c ©1998 
300 |a 1 videocassettes (57 min.) :  |b sound, color ;  |c 1/2 in. 
336 |a two-dimensional moving image  |b tdi  |2 rdacontent 
337 |a video  |b v  |2 rdamedia 
338 |a videocassette  |b vf  |2 rdacarrier 
490 1 |a Moyers on addiction 
490 1 |a The Moyers collection 
538 |a VHS. 
508 |a Editor, Susan Fanshel ; music, Thomas Wagner. 
511 0 |a Host, Bill Moyers. 
520 |a The host visits two recovery programs, the Ridgeview Institute near Atlanta and Project Safe, to interview recovering addicts. 
500 |a "FFH7682." 
500 |a Videorecording. 
650 0 |a Drug abuse  |x Treatment  |z Georgia  |z Atlanta. 
650 0 |a Drug addicts  |x Rehabilitation. 
650 0 |a Behavior therapy. 
710 2 |a Public Affairs Television (Firm) 
710 2 |a Films for the Humanities (Firm) 
830 0 |a Moyers on addiction. 
830 0 |a Moyers collection. 
948 |a c:dm 
999 |a MARS 
999 f f |s fa3b0606-d9e2-365f-998d-adec9ba09020  |i 55744525-2c72-30e2-9044-ccc935a6bbf0  |t 0 
952 f f |p ric  |a Texas A&M University  |b Rellis Campus  |c Joint Library Facility  |d Remote Storage  |t 0  |e HV5831.A8 C56 1998  |h Library of Congress classification  |i video -- videocassette  |m A14826972183 
998 f f |a HV5831.A8 C56 1998  |t 0  |l Remote Storage